| 000 | 00511nam a2200241Ia 4500 | ||
|---|---|---|---|
| 003 | IT-RoPAU | ||
| 008 | 120407s9999 xx 000 0 und d | ||
| 040 | _aIT-RoPAU | ||
| 040 | _cIT-RoPAU | ||
| 041 | _alat | ||
| 100 | _aIrenaeus | ||
| 245 | _aPraelectiones philosophiae moralis seu etichae | ||
| 250 | _aRoma | ||
| 260 | _aDesclée | ||
| 260 | _c1913 | ||
| 300 | _a429 p. | ||
| 300 | _c21 cm | ||
| 490 | _v1 | ||
| 700 | _aIoanne Evangelista | ||
| 700 | _csan | ||
| 942 | _cBK | ||
| 999 |
_c34480 _d34480 |
||